Complete the Movie Title (2020) - Statistics

General Stats
  • This quiz has been taken 537 times
  • The average score is 15 of 25
Answer Stats
Hint Answer % Correct
Sonic the _____ Hedgehog
95%
_____ of Prey Birds
90%
Jumanji: The Next _____ Level
86%
Star Wars: Episode IX - The _____ of Skywalker Rise
85%
The _____ We Keep Secrets
84%
_____ Out Knives
83%
Words on _____ Walls Bathroom
82%
Bad _____ for Life Boys
82%
Playing with _____ Fire
80%
The Invisible _____ Man
78%
Little _____ Women
76%
The _____ of the Wild Call
74%
Impractical _____: The Movie Jokers
73%
Maleficent: _____ of Evil Mistress
69%
Portrait of a _____ on Fire Lady
61%
_____ Hunter Monster
61%
Ride Your _____ Wave
60%
A Hidden _____ Life
45%
____ in Disguise Spies
44%
The New _____ Mutants
42%
Honest _____ Thief
37%
The _____ of Snow Hollow Wolf
22%
The Song of _____ Names
10%
My Boyfriend’s _____ Meds
9%
The Forgotten _____ Carols
8%
No matching quizzes found
Score Distribution
Percent of People with Each Score
Percentile by Number Answered
Your Score History
You have not taken this quiz